|
|
|
|
| LEADER |
00000nam0a2200000 4500 |
| 001 |
183505 |
| 005 |
20231031171535.0 |
| 010 |
|
|
|a 5020296198
|
| 020 |
|
|
|a RU
|b 91-12572
|
| 035 |
|
|
|a (RuTPU)RU\TPU\book\198918
|
| 090 |
|
|
|a 183505
|
| 100 |
|
|
|a 20100730d1991 k y0rusy5003 ca
|
| 101 |
0 |
|
|a rus
|
| 102 |
|
|
|a RU
|
| 105 |
|
|
|a y z 001zy
|
| 200 |
1 |
|
|a Статистические модели в экономическом анализе, планировании и управлении непрерывными производствами
|f Б. Б. Розин, В. М. Соколов, М. А. Ягольницер
|g Академия наук СССР (АН СССР), Сибирское отделение (СО), Институт экономики и организации промышленного производства (ИЭОПП) ; под ред. В. В. Кулешова
|
| 210 |
|
|
|a Новосибирск
|c Наука
|d 1991
|
| 215 |
|
|
|a 255 с.
|c ил.
|
| 320 |
|
|
|a Библиогр.: с. 250-251.
|
| 610 |
1 |
|
|a статистические модели
|
| 610 |
1 |
|
|a экономический анализ
|
| 610 |
1 |
|
|a планирование
|
| 610 |
1 |
|
|a управление
|
| 610 |
1 |
|
|a непрерывные производства
|
| 610 |
1 |
|
|a моделирование
|
| 610 |
1 |
|
|a оптимизация
|
| 610 |
1 |
|
|a оценка
|
| 610 |
1 |
|
|a прогнозирование
|
| 675 |
|
|
|a 658.527
|v 3
|
| 700 |
|
1 |
|a Розин
|b Б. Б.
|g Бенциан Борисович
|4 070
|
| 701 |
|
1 |
|a Соколов
|b В. М.
|g Виталий Михайлович
|
| 701 |
|
1 |
|a Ягольницер
|b М. А.
|g Мирон Аркадьевич
|
| 702 |
|
1 |
|a Кулешов
|b В. В.
|4 340
|
| 712 |
0 |
2 |
|a Академия наук СССР (АН СССР)
|b Сибирское отделение (СО)
|b Институт экономики и организации промышленного производства (ИЭОПП)
|c (Новосибирск)
|2 stltpush
|3 (RuTPU)RU\TPU\col\12174
|
| 801 |
|
0 |
|a RU
|b RuMRKP
|c 19950417
|g psbo
|
| 801 |
|
1 |
|a RU
|b 63413507
|c 20100730
|
| 801 |
|
2 |
|a RU
|b 63413507
|c 20170123
|g RCR
|
| 942 |
|
|
|c BK
|